00542nam a22001577a 450000500170000002000190001703500130003603700130004910000230006224500800008526000420016530000240020794200220023199900170025395201140027020120516150743.0 a8186239049c00 aA-944383 aDPLbENG aKalia, D.R.947199 aThe emerging great powers :bTheir potential and prospects /cby D.R. Kalia aNew DelhibProminent Publishersc1997 axii, 382p.c20 cms. 2ddccENh337mKAL c66738d66738 001040708NFICaZLSbZLSd2012-05-16g0.00l0o337 KALpA-944383r2012-05-16 00:00:00v0.00w2012-05-16yEN